| 000 | 00799cam a2200217 a 4500 | ||
|---|---|---|---|
| 005 | 20260112063239.0 | ||
| 020 | _a082136085X | ||
| 039 |
_a201407211354 _bstaff _c200908190308 _d staff _y 200908190307 _z staff |
||
| 050 |
_a332.67 _bAGR |
||
| 082 |
_a332.67 _bAGR |
||
| 245 |
_aAgriculture investment source book : _bagriculture and rural development. |
||
| 260 |
_aWashington, DC : _bWorld Bank, _c2005. |
||
| 300 |
_axxiv, 508 p. ; _c28 cm. |
||
| 504 | _aIncludes bibliographical references and index. | ||
| 650 |
_aAgriculture _x Economic aspects _z Developing countries. |
||
| 650 |
_aAgricultural development projects _z Developing countries. |
||
| 710 | _aWorld Bank. | ||
| 991 | _aVIRTUA40 | ||
| 991 | _aVTLSSORT0080*0200*0500*0820*2450*2600*3000*5040*6500*6501*7100*9992 | ||
| 909 | _a1602 | ||
| 999 |
_c1580 _d1580 |
||